| 000 | 00418cam a22001575a 4500 | ||
|---|---|---|---|
| 001 | J101035 | ||
| 008 | 000000s1934 xxk 000 0 eng u | ||
| 035 | _a(Sirsi) u101035 | ||
| 110 |
_aChartered Surveyors' Institution _92274 |
||
| 245 | _aSome notes on the prevention of slums. April 1934. | ||
| 260 | _c1934 | ||
| 300 | _a14p. | ||
| 651 | 4 |
_aUnited Kingdom _y |
|
| 690 |
_aResidential property _96266 |
||
| 942 | _n0 | ||
| 999 |
_c99999 _d99999 |
||